| 000 | 00891nam a22002295i 4500 | ||
|---|---|---|---|
| 001 | 163660 | ||
| 003 | ES-MaACL | ||
| 005 | 20250809040758.0 | ||
| 008 | 951113s1891 sp |||| | spa d | ||
| 040 |
_aCLM _bspa _cCCPB | SIC |
||
| 100 | 1 |
_aRobles Pozo, José. _9131900 |
|
| 245 | 1 | 0 |
_aLa ley y la jurisprudencia vigentes del Procedimiento Contencioso-Administrativo en la Península y en Ultramar... / _cpor José Robles Pozo. |
| 260 |
_aMadrid : _b[s.n.], _c1891 ( _fImp. de la Revista de Legislación) |
||
| 300 |
_a789 p. ; _c21 cm. |
||
| 490 | 1 |
_aDerecho procesal de España ; _vTercera parte |
|
| 505 | 8 | _aContiene : texto de la ley de 13 de Septiembre de 1888 | |
| 597 | 1 | _aAntep. | |
| 650 | 7 |
_aDerecho procesal _2embne _9135900 |
|
| 830 | 0 |
_aDerecho procesal de España ; _vTercera parte _9222292 |
|
| 852 |
_aES-MaACL _jC-3309 _z-- Enc. hol. |
||
| 999 |
_c163660 _d163660 |
||